000 00550nam a2200217Ia 4500
008 210210b2010 xxu||||| |||| 00| 0 eng d
020 _a9789380026572
041 _aeng
082 _a629.3 PRAI
100 _aPRASAD (Janardan)
245 _aInstrumentation and process control
260 _aNew Delhi
_bI.K. International Pub. House Pvt. Ltd.
_c2010
300 _ax, 390
650 _aprocess
650 _aInstrumentation
650 _acontrol
650 _aand
690 _aEngineering
700 _aJAYASWAL (M N)
906 _a067137
999 _c149480
_d149480